[Event "Grand Rapids Hexagonal"]
[Site "Grand Rapids, Mich."]
[Date "1982.06.27"]
[Round "4"]
[White "Czuhai, Kevin"]
[Black "Moody, David"]
[Result "0-1"]
[WhiteElo "2212"]
[BlackElo "2049"]
[PlyCount "68"]
[EventDate "1982.06.26"]
[EventType "rapid"]

1. e4 e5 2. Nc3 Nf6 3. g3 Bc5 4. Bg2 a6 5. Nf3 d6 6. d3 Nc6 7. O-O Bg4 8. h3
Bh5 9. g4 Bg6 10. Bg5 h6 11. Bh4 Qd7 12. Bxf6 gxf6 13. Nd5 O-O-O 14. c3 Qe6 15.
b4 Ba7 16. a4 h5 17. Nh2 Rdg8 18. Qf3 hxg4 19. hxg4 Rh6 20. Rfc1 Bh7 21. b5 Ne7
22. Ne3 Bxe3 23. Qxe3 f5 24. exf5 Qf6 25. Qa7 Qh4 26. Qxb7+ Kd8 27. Nf1 Rxg4
28. Ng3 Nxf5 29. Qb8+ Kd7 30. Bc6+ Ke6 31. Qe8+ Kf6 32. Qh8+ Kg5 33. Bg2 Qh2+
34. Kf1 Nxg3+ 0-1

[Event "Southeast Michigan Open"]
[Site "Woodhaven, Mich."]
[Date "1982.07.03"]
[Round "2"]
[White "Wydryck, Robert"]
[Black "Moody, David"]
[Result "1-0"]
[WhiteElo "1826"]
[BlackElo "2049"]
[PlyCount "67"]
[EventDate "1982.07.03"]

1. e4 e5 2. Nf3 Nc6 3. Bb5 a6 4. Ba4 Nf6 5. O-O Be7 6. Re1 b5 7. Bb3 O-O 8. h3
d6 9. c3 Nb8 10. d4 Nbd7 11. a4 Bb7 12. d5 Nc5 13. Bc2 bxa4 14. Bxa4 Ncxe4 15.
c4 Nc5 16. Bc2 a5 17. Be3 Nfd7 18. Qd2 f5 19. Rxa5 c6 20. Rxa8 Qxa8 21. b4 Ne4
22. Bxe4 fxe4 23. dxc6 exf3 24. Qd5+ Kh8 25. cxb7 Qe8 26. Nd2 Nf6 27. Qe6 fxg2
28. c5 Qh5 29. Kxg2 d5 30. Qxe7 Re8 31. Qd6 d4 32. b8=Q dxe3 33. Qxe8+ Nxe8 34.
Qf8# 1-0

[Event "Southeast Michigan Open"]
[Site "Woodhaven, Mich."]
[Date "1982.07.03"]
[Round "1"]
[White "Moody, David"]
[Black "Turner, Darrell"]
[Result "1-0"]
[WhiteElo "2049"]
[BlackElo "1768"]
[PlyCount "109"]
[EventDate "1982.07.03"]

1. e4 c6 2. d4 d5 3. exd5 cxd5 4. c4 Nf6 5. Nc3 dxc4 6. Bxc4 Nbd7 7. Nf3 Nb6 8.
Bb3 e6 9. Bg5 Be7 10. O-O O-O 11. Qe2 h6 12. Bh4 Nfd5 13. Bxe7 Nxe7 14. Rfd1
Ned5 15. Rac1 Nxc3 16. Rxc3 Nd5 17. Bxd5 Qxd5 18. Rc7 Bd7 19. Ne5 Rad8 20. Qc4
Qxc4 21. Nxc4 Bc6 22. Ne5 Rc8 23. Rxc8 Rxc8 24. Rc1 Bd7 25. Rxc8+ Bxc8 26. Kf1
f6 27. Nc4 Kf8 28. Nd6 Bd7 29. Nxb7 Bb5+ 30. Ke1 Bc6 31. Nc5 Bxg2 32. Nxe6+ Kf7
33. Nc5 Ke7 34. Kd2 Kd6 35. Kc3 g5 36. b4 f5 37. a4 h5 38. b5 h4 39. a5 g4 40.
Nd3 Ba8 41. Nf4 Bb7 42. Kc4 Bc8 43. a6 Bd7 44. Kb4 Bc8 45. Ka5 Kc7 46. d5 h3
47. Ne6+ Kd6 48. Nd8 f4 49. Nb7+ Kxd5 50. b6 axb6+ 51. Kxb6 g3 52. fxg3 fxg3
53. a7 g2 54. a8=Q g1=Q+ 55. Nc5+ 1-0

[Event "Southeast Michigan Open"]
[Site "Woodhaven, Mich."]
[Date "1982.07.04"]
[Round "4"]
[White "Small, LaMarr"]
[Black "Moody, David"]
[Result "1-0"]
[WhiteElo "1807"]
[BlackElo "2049"]
[PlyCount "79"]
[EventDate "1982.07.03"]

1. e4 e5 2. Nf3 Nc6 3. Bb5 a6 4. Ba4 Nf6 5. O-O Be7 6. Re1 b5 7. Bb3 O-O 8. c3
d5 9. exd5 Nxd5 10. Nxe5 Nxe5 11. Rxe5 c6 12. Bxd5 cxd5 13. d4 Bd6 14. Re1 Qh4
15. g3 Qh3 16. Qf3 Bg4 17. Qg2 Qh5 18. f4 Rae8 19. Qf2 f5 20. Be3 g5 21. Nd2
gxf4 22. Bxf4 Bxf4 23. Qxf4 Re4 24. Nxe4 fxe4 25. Qe5 Rf5 26. Qe6+ Rf7 27. Qe8+
Kg7 28. Qe5+ Qxe5 29. dxe5 Re7 30. a4 Rxe5 31. axb5 axb5 32. Kf2 Rf5+ 33. Ke3
Rf3+ 34. Kd4 Rd3+ 35. Ke5 e3 36. Kf4 h5 37. Rxe3 Rd2 38. Kg5 Rxb2 39. Re7+ Kf8
40. Rc7 1-0

[Event "Southeast Michigan Open"]
[Site "Woodhaven, Mich."]
[Date "1982.07.04"]
[Round "3"]
[White "Moody, David"]
[Black "Bagherabadi, Mohammed"]
[Result "1-0"]
[WhiteElo "2049"]
[BlackElo "1824"]
[PlyCount "125"]
[EventDate "1982.07.03"]

1. e4 c5 2. Nf3 a6 3. c4 d6 4. d4 cxd4 5. Nxd4 Nc6 6. Nc3 Nf6 7. Be2 g6 8. Be3
Bg7 9. Qd2 Bd7 10. f3 Qc7 11. Rc1 O-O 12. Nd5 Qd8 13. Nxc6 Bxc6 14. Bb6 Qd7 15.
O-O Rac8 16. b3 Rfe8 17. Rfd1 Nh5 18. g4 Nf6 19. Nxf6+ Bxf6 20. c5 Bb5 21. Kh1
Bxe2 22. Qxe2 Rc6 23. Qe3 Rec8 24. e5 Qe6 25. cxd6 exd6 26. exf6 Rxc1 27. Rxc1
Rxc1+ 28. Qxc1 Qxf6 29. Qe3 Qa1+ 30. Kg2 Qxa2+ 31. Kg3 Kf8 32. Bd8 Qb2 33. g5
Qe5+ 34. Qxe5 dxe5 35. Bf6 a5 36. Bxe5 b5 37. Kf4 Ke7 38. Bc7 a4 39. bxa4 bxa4
40. Ba5 Ke6 41. Bc3 a3 42. Ke4 a2 43. f4 Kd6 44. f5 Kd7 45. Ke5 Ke7 46. f6+ Kd7
47. Kd5 Kc7 48. Ba1 Kd7 49. Be5 Kc8 50. Kc6 Kd8 51. Kd6 Ke8 52. Kc7 Kf8 53. Kd8
h5 54. h4 Kg8 55. Ke8 Kh8 56. Kxf7 Kh7 57. Ba1 Kh8 58. Ke8 Kh7 59. Kf7 Kh8 60.
Kxg6 Kg8 61. f7+ Kf8 62. Bg7+ Ke7 63. f8=Q+ 1-0

[Event "Southeast Michigan Open"]
[Site "Woodhaven, Mich."]
[Date "1982.07.05"]
[Round "5"]
[White "Moody, David"]
[Black "Dangremond, Leonard"]
[Result "1/2-1/2"]
[WhiteElo "2049"]
[BlackElo "1924"]
[PlyCount "40"]
[EventDate "1982.07.03"]

1. e4 e5 2. Nf3 Nc6 3. Bb5 a6 4. Ba4 Nf6 5. O-O d6 6. Bxc6+ bxc6 7. d4 exd4 8.
Nxd4 Bd7 9. Re1 Be7 10. c4 O-O 11. Nc3 Rb8 12. b3 c5 13. Nf3 Be6 14. Qe2 Nd7
15. Bf4 f6 16. Rad1 Bg4 17. Nd5 Ne5 18. Qe3 Nc6 19. h3 Bxf3 20. Qxf3 Nb4
1/2-1/2

[Event "Southeast Michigan Open"]
[Site "Woodhaven, Mich."]
[Date "1982.07.05"]
[Round "6"]
[White "Lucero, Tom"]
[Black "Moody, David"]
[Result "1-0"]
[WhiteElo "1887"]
[BlackElo "2049"]
[PlyCount "55"]
[EventDate "1982.07.03"]

1. d4 Nf6 2. c4 c5 3. d5 e6 4. Nc3 exd5 5. cxd5 d6 6. e4 g6 7. g3 Bg7 8. Bg2
O-O 9. h4 Bg4 10. f3 Bd7 11. g4 b5 12. h5 b4 13. Nce2 Bb5 14. hxg6 hxg6 15. Bg5
Nbd7 16. Qc1 Qb6 17. Bh6 Ne5 18. Bxg7 Nd3+ 19. Kf1 Nxg4 20. fxg4 c4 21. Rh8+
Kxg7 22. Qh6+ Kf6 23. Qh4+ g5 24. Rh6+ Ke7 25. Qxg5+ f6 26. Qf5 Bd7 27. Rh7+
Rf7 28. Rxf7+ 1-0

[Event "22nd UMD Tornado"]
[Site "Dearborn, Mich."]
[Date "1982.07.17"]
[Round "1"]
[White "Tallosy, Mihaly"]
[Black "Moody, David"]
[Result "0-1"]
[WhiteElo "1734"]
[BlackElo "2049"]
[PlyCount "70"]
[EventDate "1982.07.17"]

1. e4 e5 2. f4 exf4 3. Nf3 d6 4. Bc4 g5 5. h4 g4 6. Ng1 Nf6 7. d3 Be7 8. Bxf4
Nh5 9. Bg5 Bxg5 10. hxg5 Qxg5 11. Ne2 g3 12. Rxh5 Qxh5 13. Nxg3 Qxd1+ 14. Kxd1
Rg8 15. Ne2 Rxg2 16. Nbc3 Bg4 17. Kd2 Nc6 18. Ke3 Kd7 19. Rh1 h5 20. Bxf7 Rf8
21. Bxh5 Rf3+ 22. Kd2 Bxh5 23. Rxh5 Nd4 24. Rh1 Rff2 25. Re1 Nf3+ 26. Kd1 Nxe1
27. Kxe1 c5 28. a3 b5 29. b4 a5 30. bxa5 b4 31. axb4 cxb4 32. a6 bxc3 33. a7
Rxe2+ 34. Kd1 Rd2+ 35. Kc1 Rg1# 0-1

[Event "22nd UMD Tornado"]
[Site "Dearborn, Mich."]
[Date "1982.07.17"]
[Round "2"]
[White "Moody, David"]
[Black "Stokes, Ronald"]
[Result "1-0"]
[WhiteElo "2049"]
[BlackElo "1562"]
[PlyCount "95"]
[EventDate "1982.07.17"]

1. e4 e5 2. Nf3 Nc6 3. d4 exd4 4. Bc4 h6 5. O-O d6 6. c3 dxc3 7. Qb3 Qf6 8.
Nxc3 Na5 9. Qb5+ Nc6 10. e5 a6 11. Qxc6+ bxc6 12. exf6 Nxf6 13. Re1+ Be7 14.
Nd4 Bd7 15. Bf4 d5 16. Bd3 Kd8 17. Bxc7+ Kxc7 18. Rxe7 Rhf8 19. Rc1 Kd6 20. Re2
c5 21. Nf5+ Bxf5 22. Bxf5 Rfe8 23. Rce1 Rab8 24. Rxe8 Nxe8 25. Kf1 Nf6 26. b3
c4 27. bxc4 dxc4 28. Rb1 Rxb1+ 29. Bxb1 Kc5 30. a3 Ne8 31. Ke1 Nd6 32. Ne4+
Nxe4 33. Bxe4 Kd4 34. Bc2 Kc3 35. Kd1 a5 36. Kc1 f6 37. Kd1 Kb2 38. Kd2 g5 39.
g4 Kxa3 40. Kc3 Ka2 41. Kxc4 Kb2 42. Ba4 Kc1 43. Kd3 Kb2 44. Ke4 Ka3 45. Be8 a4
46. Kf5 Kb3 47. Bxa4+ Kxa4 48. Kxf6 1-0

[Event "22nd UMD Tornado"]
[Site "Dearborn, Mich."]
[Date "1982.07.17"]
[Round "3"]
[White "Moody, David"]
[Black "Lindsay, Fred"]
[Result "0-1"]
[WhiteElo "2049"]
[BlackElo "2286"]
[PlyCount "38"]
[EventDate "1982.07.17"]

1. e4 c5 2. Nf3 Nc6 3. d4 cxd4 4. Nxd4 g6 5. c4 Nf6 6. Nc3 d6 7. f3 Nxd4 8.
Qxd4 Bg7 9. Be3 O-O 10. Qd2 Qa5 11. Be2 a6 12. O-O Be6 13. b4 Qxb4 14. Rab1 Qa5
15. Bb6 Qe5 16. Bd4 Nxe4 17. Nxe4 Qxd4+ 18. Qxd4 Bxd4+ 19. Kh1 Rab8 0-1

[Event "22nd UMD Tornado"]
[Site "Dearborn, Mich."]
[Date "1982.07.17"]
[Round "4"]
[White "Jackson, James"]
[Black "Moody, David"]
[Result "1-0"]
[WhiteElo "1746"]
[BlackElo "2049"]
[PlyCount "59"]
[EventDate "1982.07.17"]

1. c4 e5 2. Nc3 Nc6 3. g3 f5 4. e3 Nf6 5. Bg2 Bb4 6. Nge2 e4 7. b3 Ne5 8. Nf4
Bxc3 9. dxc3 g5 10. Nd5 Nd3+ 11. Kf1 Ng4 12. f4 Ndf2 13. Qe2 Nxh1 14. Bxh1 c6
15. h3 h5 16. hxg4 hxg4 17. Bxe4 fxe4 18. Nb4 Qf6 19. Qg2 Qf5 20. Bb2 gxf4 21.
exf4 d5 22. cxd5 cxd5 23. c4 Rh3 24. Nxd5 Qh7 25. Nf6+ Kf8 26. Nxh7+ Rxh7 27.
Qxe4 Re7 28. Qg6 Bd7 29. Qh6+ Kf7 30. Qg7+ 1-0

[Event "East Detroit Open"]
[Site "East Detroit, Mich."]
[Date "1982.07.23"]
[Round "1"]
[White "Yuhas, Lawrence"]
[Black "Moody, David"]
[Result "0-1"]
[WhiteElo "1796"]
[BlackElo "2049"]
[PlyCount "58"]
[EventDate "1982.07.23"]

1. e4 e5 2. Bc4 Nf6 3. Nc3 Nc6 4. f4 d5 5. Bxd5 Nxd5 6. Nxd5 Bc5 7. Nf3 Bg4 8.
c3 O-O 9. b4 f5 10. Qb3 fxe4 11. Ng5 Kh8 12. Ne3 Bxe3 13. dxe3 Qd3 14. Kf2 exf4
15. exf4 Qe2+ 16. Kg3 Ne7 17. h3 Nf5+ 18. Kh2 Bf3 19. Qb2 Rfe8 20. Qxe2 Bxe2
21. Re1 Bc4 22. Bd2 e3 23. Bc1 Rad8 24. Nf3 Rd3 25. Bb2 Bd5 26. Rad1 Rxd1 27.
Rxd1 Bxf3 28. gxf3 e2 29. Re1 Ne3 0-1

[Event "East Detroit Open"]
[Site "East Detroit, Mich."]
[Date "1982.07.24"]
[Round "2"]
[White "Moody, David"]
[Black "Kulbacki, Jim"]
[Result "1-0"]
[WhiteElo "2049"]
[BlackElo "1876"]
[PlyCount "35"]
[EventDate "1982.07.23"]

1. e4 g6 2. d4 Bg7 3. f4 d6 4. Nf3 a6 5. a4 c6 6. c4 h5 7. Nc3 Nh6 8. Be3 Nd7
9. h3 Qc7 10. Qd2 e5 11. fxe5 dxe5 12. d5 Nf8 13. a5 f5 14. Bb6 Qe7 15. Rd1
fxe4 16. Nxe4 cxd5 17. Qxd5 Be6 18. Nd6+ 1-0

[Event "East Detroit Open"]
[Site "East Detroit, Mich."]
[Date "1982.07.24"]
[Round "3"]
[White "Lindsay, Fred"]
[Black "Moody, David"]
[Result "1-0"]
[WhiteElo "2286"]
[BlackElo "2049"]
[PlyCount "39"]
[EventDate "1982.07.23"]

1. d4 Nf6 2. c4 c5 3. d5 e6 4. Nc3 exd5 5. cxd5 d6 6. e4 g6 7. Bf4 a6 8. Nf3
Bg7 9. Qa4+ Bd7 10. Qb3 Qc7 11. e5 Nh5 12. exd6 Qa5 13. Bd2 O-O 14. Qxb7 Re8+
15. Be2 Bb5 16. O-O Bxe2 17. Nxe2 Qb5 18. Qxa8 Rxe2 19. d7 Qb6 20. Ba5 1-0

[Event "East Detroit Open"]
[Site "East Detroit, Mich."]
[Date "1982.07.25"]
[Round "4"]
[White "Moody, David"]
[Black "Bee, Anthony"]
[Result "0-1"]
[WhiteElo "2049"]
[BlackElo "1853"]
[PlyCount "84"]
[EventDate "1982.07.23"]

1. e4 d6 2. d4 Nf6 3. Nc3 g6 4. Bc4 Bg7 5. Qe2 O-O 6. Bg5 c6 7. e5 dxe5 8. dxe5
Nd5 9. Bxd5 cxd5 10. O-O-O Be6 11. Qb5 Qd7 12. Qxd7 Nxd7 13. Nxd5 Bxd5 14. Rxd5
Nxe5 15. Bxe7 Rfe8 16. Bh4 Nc4 17. c3 Re1+ 18. Kc2 Bh6 19. Rd1 Rxd1 20. Kxd1 g5
21. Bg3 Rd8+ 22. Ke2 Rd2+ 23. Kf3 f5 24. Bb8 Rxb2 25. Bxa7 Ne5+ 26. Kg3 b6 27.
Bb8 f4+ 28. Kh3 Nd3 29. g3 Nxf2+ 30. Kg2 Nxh1+ 31. Kxh1 fxg3 32. Bxg3 Bg7 33.
Nf3 Bxc3 34. Nxg5 Rxa2 35. Ne4 Bg7 36. Nd6 Rb2 37. Nc4 Rb1+ 38. Kg2 b5 39. Na5
b4 40. Nc4 b3 41. Bd6 Rc1 42. Na3 Bf8 0-1

[Event "East Detroit Open"]
[Site "East Detroit, Mich."]
[Date "1982.07.25"]
[Round "5"]
[White "Edie, Ralph"]
[Black "Moody, David"]
[Result "0-1"]
[WhiteElo "1673"]
[BlackElo "2049"]
[PlyCount "88"]
[EventDate "1982.07.23"]

1. e4 e5 2. Nf3 Nc6 3. Bb5 a6 4. Bxc6 dxc6 5. d4 exd4 6. Qxd4 Qxd4 7. Nxd4 Bd7
8. Be3 Nf6 9. f3 O-O-O 10. Nd2 Bc5 11. c3 Rhe8 12. Ke2 Bb6 13. Rhe1 Ng8 14. Nc2
f5 15. Bxb6 cxb6 16. Kf2 Nf6 17. Rad1 fxe4 18. Nxe4 Bf5 19. Rxd8+ Rxd8 20. Nd4
Bxe4 21. fxe4 c5 22. Ne6 Rd2+ 23. Ke3 Rxg2 24. Rd1 Nd7 25. Rd2 Rxd2 26. Kxd2
Ne5 27. Ke2 g6 28. h3 h6 29. b3 g5 30. Ng7 Kd7 31. Ke3 b5 32. Nf5 h5 33. Ng3 h4
34. Nf5 a5 35. a3 b6 36. a4 b4 37. cxb4 axb4 38. Ng7 c4 39. bxc4 Nxc4+ 40. Kd3
b3 41. Kc3 b2 42. Kc2 Kd6 43. Ne8+ Ke5 44. Kb1 g4 0-1

[Event "5th Ann Arbor Open"]
[Site "Ann Arbor, Mich."]
[Date "1982.07.31"]
[Round "1"]
[White "Rawley, Lloyd"]
[Black "Moody, David"]
[Result "0-1"]
[WhiteElo "2238"]
[BlackElo "2049"]
[PlyCount "88"]
[EventDate "1982.07.31"]

1. e4 e5 2. Nc3 Nf6 3. Bc4 Nc6 4. d3 Bb4 5. Bg5 d6 6. Nge2 Be6 7. O-O h6 8.
Bxf6 Qxf6 9. Nd5 Bxd5 10. Bxd5 Bc5 11. c3 O-O 12. Rc1 Ne7 13. Bb3 Ng6 14. d4
Bb6 15. Qd3 c6 16. d5 Rad8 17. Rcd1 Ne7 18. Ng3 g6 19. Kh1 Kh8 20. Qd2 Qg7 21.
f4 f5 22. fxe5 cxd5 23. exd6 Rxd6 24. Qf4 Bc7 25. exf5 Nxf5 26. Nxf5 Rxf5 27.
Qd4 Qxd4 28. cxd4 Rdf6 29. Kg1 Bxh2+ 30. Kxh2 Rxf1 31. Rxf1 Rxf1 32. Bxd5 b6
33. Kg3 Rd1 34. Be4 Rxd4 35. Bxg6 Rd2 36. Bf7 Rxb2 37. Kh3 a6 38. Kh4 b5 39. g4
a5 40. g5 hxg5+ 41. Kxg5 b4 42. Kg4 a4 43. Kf3 a3 44. Ke3 b3 0-1

[Event "5th Ann Arbor Open"]
[Site "Ann Arbor, Mich."]
[Date "1982.07.31"]
[Round "2"]
[White "Moody, David"]
[Black "Czuhai, Kevin"]
[Result "1/2-1/2"]
[WhiteElo "2049"]
[BlackElo "2212"]
[PlyCount "66"]
[EventDate "1982.07.31"]

1. e4 c5 2. Nf3 d6 3. d3 Nc6 4. g3 g6 5. Bg2 Bg7 6. O-O e6 7. Re1 Nge7 8. c3
O-O 9. Bf4 d5 10. e5 h6 11. h4 b5 12. Nbd2 Rb8 13. Nf1 b4 14. N1h2 Kh7 15. Ng4
Nf5 16. Nf6+ Bxf6 17. exf6 Qxf6 18. Bxb8 Nxb8 19. Ne5 bxc3 20. bxc3 Nd7 21.
Nxd7 Bxd7 22. Qc2 Bc6 23. Rab1 Rg8 24. Rb2 g5 25. h5 g4 26. Reb1 Rg5 27. Rb8
Rxh5 28. Rf8 Kg7 29. Rbb8 Qe5 30. Rg8+ Kf6 31. Rb1 Rg5 32. Rxg5 Kxg5 33. Qd2+
Kg6 1/2-1/2

[Event "5th Ann Arbor Open"]
[Site "Ann Arbor, Mich."]
[Date "1982.08.01"]
[Round "4"]
[White "Stein, Kurt"]
[Black "Moody, David"]
[Result "1-0"]
[WhiteElo "2236"]
[BlackElo "2049"]
[PlyCount "47"]
[EventDate "1982.07.31"]

1. e4 e5 2. Nf3 Nc6 3. d4 exd4 4. Bc4 Nf6 5. e5 d5 6. Bb5 Ne4 7. Nxd4 Bc5 8.
Be3 Bd7 9. Bxc6 bxc6 10. O-O O-O 11. Kh1 Qe7 12. f3 Ng5 13. Qd2 h6 14. Qf2 Bb6
15. Nc3 f6 16. exf6 Qxf6 17. Nb3 Rae8 18. Bc5 Ne6 19. Na4 Nxc5 20. Nbxc5 Bf5
21. Rfe1 Qd6 22. c3 a5 23. a3 Bd3 24. Nxb6 1-0

[Event "5th Ann Arbor Open"]
[Site "Ann Arbor, Mich."]
[Date "1982.08.01"]
[Round "3"]
[White "Marfia, Jim"]
[Black "Moody, David"]
[Result "1/2-1/2"]
[WhiteElo "2184"]
[BlackElo "2049"]
[PlyCount "66"]
[EventDate "1982.07.31"]

1. c4 e5 2. Nc3 Nc6 3. g3 g6 4. Bg2 Bg7 5. e3 Nge7 6. a3 a5 7. Rb1 f5 8. Nge2
O-O 9. d4 f4 10. exf4 exd4 11. Nb5 d5 12. Nbxd4 Nxd4 13. Nxd4 dxc4 14. Be3 Nf5
15. Nxf5 Bxf5 16. O-O Bxb1 17. Qxb1 c6 18. Rd1 Qf6 19. Bd4 Qf5 20. Be4 Qb5 21.
Bxg7 Kxg7 22. Rd7+ Rf7 23. Rxf7+ Kxf7 24. f5 Rd8 25. fxg6+ hxg6 26. Qc1 Rd6 27.
Qf4+ Rf6 28. Qc7+ Ke6 29. Bg2 Qe5 30. Bh3+ Kd5 31. Qxa5+ Kd6 32. Qd8+ Kc5 33.
Qa5+ Kd6 1/2-1/2

[Event "U.S. Open"]
[Site "St. Paul, Minn."]
[Date "1982.08.08"]
[Round "1"]
[White "Moody, David"]
[Black "Hanson, Douglas"]
[Result "1/2-1/2"]
[WhiteElo "2049"]
[BlackElo "1597"]
[PlyCount "98"]
[EventDate "1982.08.08"]

1. e4 e5 2. Nf3 Nc6 3. d4 exd4 4. Bc4 Bb4+ 5. c3 dxc3 6. O-O d6 7. a3 Ba5 8. b4
Bb6 9. Qb3 Qe7 10. Nxc3 Nf6 11. Bg5 Be6 12. Nd5 Bxd5 13. exd5 Ne5 14. Bb5+ Kf8
15. Rae1 h6 16. Bf4 Nfg4 17. Nxe5 Nxe5 18. Qc3 f6 19. Kh1 a5 20. Bxe5 dxe5 21.
Re4 Bd4 22. Qc4 axb4 23. axb4 Qd6 24. f4 Kf7 25. fxe5 Bxe5 26. Qe2 Ke7 27. Qg4
Rhg8 28. g3 Ra3 29. Rc1 g6 30. Rec4 Qxd5+ 31. Qe4 c6 32. Qxd5 cxd5 33. Rc8 Ra8
34. Rxg8 Rxg8 35. Bd3 Kd6 36. Kg2 f5 37. h3 Ra8 38. g4 Ra2+ 39. Rc2 Rxc2+ 40.
Bxc2 fxg4 41. hxg4 g5 42. Bd1 b5 43. Kf2 Bc3 44. Ke3 Bxb4 45. Kd4 Bc5+ 46. Kd3
Ke5 47. Kc3 Kd6 48. Kd3 Kc6 49. Bf3 Kd6 1/2-1/2

[Event "U.S. Open"]
[Site "St. Paul, Minn."]
[Date "1982.08.10"]
[Round "3"]
[White "Woods, Richard"]
[Black "Moody, David"]
[Result "0-1"]
[WhiteElo "1596"]
[BlackElo "2049"]
[PlyCount "58"]
[EventDate "1982.08.08"]

1. d4 Nf6 2. c4 c5 3. d5 e6 4. Nc3 exd5 5. cxd5 d6 6. e4 g6 7. Be2 Bg7 8. Nf3
O-O 9. O-O a6 10. Bg5 b5 11. a3 h6 12. Be3 Bg4 13. h3 Bxf3 14. Bxf3 Re8 15. Qc2
Nbd7 16. Be2 Rc8 17. f3 b4 18. Na4 Nxd5 19. Bxh6 Bxh6 20. exd5 Qa5 21. axb4
cxb4 22. Qd3 Nf6 23. Qxa6 Qxd5 24. Rfd1 Qe5 25. Qxd6 Qxd6 26. Rxd6 Rxe2 27.
Rxf6 Rcc2 28. Rb6 Be3+ 29. Kf1 Rxg2 0-1

[Event "U.S. Open"]
[Site "St. Paul, Minn."]
[Date "1982.08.11"]
[Round "4"]
[White "Moody, David"]
[Black "Schroder, Enrique"]
[Result "0-1"]
[WhiteElo "2049"]
[BlackElo "1755"]
[PlyCount "66"]
[EventDate "1982.08.08"]

1. e4 g6 2. d4 Bg7 3. Nf3 d6 4. Bc4 c6 5. Nc3 Nf6 6. Qe2 O-O 7. Bg5 b5 8. Bxf6
Bxf6 9. Nxb5 d5 10. Bb3 Ba6 11. a4 e6 12. c4 cxb5 13. axb5 Bb7 14. c5 dxe4 15.
c6 Nxc6 16. bxc6 Bxc6 17. Ne5 Bd5 18. Bc2 Bxe5 19. dxe5 Qc7 20. Bxe4 Qxe5 21.
Bxd5 Qxe2+ 22. Kxe2 exd5 23. Rhd1 Rfb8 24. Ra2 Rb5 25. Rda1 a5 26. b4 Re8+ 27.
Kd3 axb4 28. Ra5 Reb8 29. Rxb5 Rxb5 30. Rb1 Kg7 31. Rb3 Kf6 32. Kd4 Ke6 33. f4
Kd6 0-1

[Event "Thursday Tornado"]
[Site "St. Paul, Minn."]
[Date "1982.08.12"]
[Round "2"]
[White "Moody, David"]
[Black "Kraft, Chip"]
[Result "1/2-1/2"]
[WhiteElo "2049"]
[BlackElo "1785"]
[PlyCount "48"]
[EventDate "1982.08.12"]

1. e4 e5 2. Nf3 Nc6 3. d4 exd4 4. Bc4 Bc5 5. O-O d6 6. c3 dxc3 7. Qb3 Na5 8.
Bxf7+ Kf8 9. Qxc3 Kxf7 10. Qxa5 Ne7 11. Ng5+ Kg6 12. Qc3 h6 13. b4 Bb6 14. Bb2
Rg8 15. Nf3 Kh7 16. Na3 Ng6 17. Rad1 Be6 18. Nc4 Bxc4 19. Qxc4 Qe7 20. Qd5 Rge8
21. Qh5 Rf8 22. Rd5 Qe8 23. Ng5+ Kg8 24. Nh3 Rd8 1/2-1/2

[Event "Thursday Tornado"]
[Site "St. Paul, Minn."]
[Date "1982.08.12"]
[Round "3"]
[White "Jackson, James"]
[Black "Moody, David"]
[Result "1-0"]
[WhiteElo "1746"]
[BlackElo "2049"]
[PlyCount "91"]
[EventDate "1982.08.12"]

1. e4 e5 2. Nf3 Nc6 3. Bb5 a6 4. Ba4 Nf6 5. O-O Be7 6. Bxc6 dxc6 7. Nc3 Bg4 8.
h3 Bh5 9. g4 Bg6 10. d3 Nd7 11. Be3 f6 12. Nh4 Nf8 13. Nf5 Ne6 14. Qf3 Qd7 15.
Ne2 O-O-O 16. Neg3 Rdg8 17. Rfb1 Bf8 18. b4 Bf7 19. a4 g6 20. Nh4 h5 21. gxh5
Ng5 22. Bxg5 fxg5 23. Nxg6 Bxg6 24. hxg6 Rxg6 25. Qf5 Qxf5 26. exf5 Rgh6 27. b5
Rxh3 28. Kf1 Bc5 29. Ne4 Bd4 30. c3 Ba7 31. Ke2 g4 32. bxc6 bxc6 33. Rg1 Rf3
34. f6 Rg8 35. Rxg4 Rxg4 36. Kxf3 Rf4+ 37. Ke2 c5 38. c4 c6 39. Rg1 Bb6 40. Rg7
Bd8 41. Nd6+ Kb8 42. Rb7+ Ka8 43. f7 a5 44. Rd7 Bg5 45. Rc7 Kb8 46. Rc8+ 1-0

[Event "U.S. Open"]
[Site "St. Paul, Minn."]
[Date "1982.08.12"]
[Round "5"]
[White "Holmen, David"]
[Black "Moody, David"]
[Result "0-1"]
[WhiteElo "1690"]
[BlackElo "2049"]
[PlyCount "30"]
[EventDate "1982.08.08"]

1. e4 e5 2. Nf3 Nc6 3. Bc4 Nf6 4. d4 exd4 5. O-O Bc5 6. e5 d5 7. Bb5 Ne4 8.
Nxd4 O-O 9. Nxc6 bxc6 10. Bxc6 Ba6 11. Qxd5 Bxf1 12. Bxa8 Bc4 13. Qxc4 Qd1+ 14.
Qf1 Bxf2+ 15. Kh1 Qxf1# 0-1

[Event "Thursday Tornado"]
[Site "St. Paul, Minn."]
[Date "1982.08.12"]
[Round "1"]
[White "Eid, John"]
[Black "Moody, David"]
[Result "0-1"]
[WhiteElo "1342"]
[BlackElo "2049"]
[PlyCount "54"]
[EventDate "1982.08.12"]

1. c4 e5 2. Nc3 Nc6 3. Nf3 f5 4. g3 Nf6 5. d3 Bb4 6. Bd2 Bxc3 7. Bxc3 d6 8. c5
Be6 9. cxd6 cxd6 10. Bg2 h6 11. O-O O-O 12. Qc2 Rc8 13. a3 Qe8 14. Qd2 Qh5 15.
d4 Ng4 16. h3 Nf6 17. dxe5 Ne4 18. Qe3 d5 19. Qf4 g5 20. Qe3 f4 21. Qd3 fxg3
22. fxg3 Nxg3 23. Nd4 Nxd4 24. Rxf8+ Rxf8 25. Bxd4 Nxe2+ 26. Kh2 g4 27. Qxe2
g3+ 0-1

[Event "Masters/Candidate Masters"]
[Site "St. Paul, Minn."]
[Date "1982.08.13"]
[Round "3"]
[White "Willey, Mark"]
[Black "Moody, David"]
[Result "1-0"]
[WhiteElo "2050"]
[BlackElo "2049"]
[PlyCount "101"]
[EventDate "1982.08.13"]

1. c4 e5 2. Nc3 Nc6 3. g3 g6 4. Bg2 Bg7 5. e3 Nge7 6. Nge2 f5 7. d4 e4 8. b3
Nb4 9. O-O Nd3 10. Ba3 d6 11. f3 Bh6 12. Qd2 c5 13. fxe4 cxd4 14. Nxd4 Nc5 15.
exf5 gxf5 16. Ndb5 O-O 17. Qxd6 Bxe3+ 18. Kh1 Qxd6 19. Nxd6 Rf6 20. Nxc8 Rxc8
21. Bxc5 Bxc5 22. Bxb7 Rc7 23. Nd5 Nxd5 24. Bxd5+ Kg7 25. Rf3 Rc8 26. a3 a5 27.
a4 Re8 28. Raf1 Re3 29. Rxf5 Rxf5 30. Rxf5 Rxb3 31. Rf7+ Kg6 32. Rb7 Rxb7 33.
Bxb7 h6 34. Kg2 Kg5 35. Kf3 Kf5 36. Bc8+ Ke5 37. Kg4 Kf6 38. Kf4 Ke7 39. Kf5
Kd6 40. Ba6 Be3 41. Kg6 Ke5 42. h4 Ke4 43. Bb7+ Kd3 44. c5 Bxc5 45. Kxh6 Bf2
46. Kg6 Bxg3 47. h5 Kc4 48. h6 Kb4 49. Bc6 Kc5 50. Bb5 Kd6 51. h7 1-0

[Event "Masters/Candidate Masters"]
[Site "St. Paul, Minn."]
[Date "1982.08.13"]
[Round "1"]
[White "Moody, David"]
[Black "Readey, John"]
[Result "0-1"]
[WhiteElo "2049"]
[BlackElo "2217"]
[PlyCount "58"]
[EventDate "1982.08.13"]

1. e4 c6 2. d3 g6 3. g3 Bg7 4. Bg2 d6 5. Nf3 Nf6 6. O-O O-O 7. Re1 Nbd7 8. Nc3
b5 9. e5 dxe5 10. Nxe5 Nxe5 11. Rxe5 Nd5 12. Bxd5 Bxe5 13. Bxc6 Rb8 14. Bh6 Bg7
15. Bxg7 Kxg7 16. Bxb5 Qa5 17. Bc4 Rxb2 18. Ne4 Rb6 19. Qe2 Be6 20. Nd2 Qc3 21.
Rc1 Bxc4 22. Nxc4 Re6 23. Qg4 Rb8 24. Ne3 Rb2 25. Nd5 Qc5 26. Nf4 Ra6 27. Nh5+
Kg8 28. d4 Qf5 29. Qe2 Re6 0-1

[Event "U.S. Open"]
[Site "St. Paul, Minn."]
[Date "1982.08.13"]
[Round "6"]
[White "Moody, David"]
[Black "Hjelmeland, Tim"]
[Result "0-1"]
[WhiteElo "2049"]
[BlackElo "1802"]
[PlyCount "120"]
[EventDate "1982.08.08"]

1. e4 e6 2. d3 b6 3. g3 Bb7 4. Nf3 d5 5. Nbd2 Nf6 6. e5 Nfd7 7. d4 c5 8. c3 Nc6
9. a3 Qc7 10. b4 cxd4 11. cxd4 Nxd4 12. Nxd4 Qxe5+ 13. Be2 Qxd4 14. Rb1 Qf6 15.
Bb2 Qh6 16. Qa4 a6 17. Rc1 Bd6 18. Nf3 Ke7 19. O-O b5 20. Qb3 Rhc8 21. Nd4 Nf6
22. Rfe1 Kf8 23. a4 bxa4 24. Qxa4 Qd2 25. Qb3 Qxb4 26. Ba3 Qxa3 27. Qxb7 Qxc1
28. Rxc1 Rxc1+ 29. Kg2 Rac8 30. Bxa6 Rb8 31. Qa7 g6 32. Nb5 Rxb5 33. Bxb5 Bc5
34. Qb8+ Kg7 35. Qe5 Rc2 36. g4 Rxf2+ 37. Kh1 Kg8 38. h3 Ne4 39. Qb8+ Bf8 40.
h4 Rf3 41. Kg2 Rg3+ 42. Qxg3 Nxg3 43. Kxg3 Bd6+ 44. Kf3 Kg7 45. Be8 Kf8 46. Bb5
h6 47. Bd3 g5 48. hxg5 hxg5 49. Bc2 Bf4 50. Bd3 Ke7 51. Bh7 Kd6 52. Ke2 e5 53.
Kd3 e4+ 54. Kd4 Be5+ 55. Ke3 Bb2 56. Bf5 Ke5 57. Bh7 Bc3 58. Bf5 d4+ 59. Ke2
Kf4 60. Bc8 d3+ 0-1